[Event "SWE-ch Elit"]
[Site "Umea"]
[Date "2003.07.02"]
[Round "4"]
[White "Rygaard, Michael"]
[Black "Jonsson, Mikael"]
[Result "1/2-1/2"]
[WhiteElo "2335"]
[BlackElo "2314"]
[PlyCount "98"]
[EventDate "2003.06.29"]
[EventType "tourn"]
[EventRounds "13"]
[EventCountry "SWE"]
[EventCategory "3"]
[SourceTitle "EXT 2004"]
[Source "ChessBase"]
[SourceDate "2003.11.25"]
[SourceVersion "1"]
[SourceVersionDate "2003.11.25"]
[SourceQuality "1"]

1. Nf3 g6 2. d4 Nf6 3. Bg5 Bg7 4. Nbd2 d5 5. e3 Bf5 6. Be2 Nbd7 7. 0-0 0-0 8. Nh4 Be6 9. f4 h6 10. Bxf6 Bxf6 11. Qe1 Bf5 12. Nxf5 gxf5 13. Kh1 Kh8 14. g4 fxg4 15. Bxg4 Rg8 16. Bh5 Qf8 17. Qe2 c6 18. Rg1 e6 19. Nf3 Qe7 20. c3 Rxg1+ 21. Rxg1 Rg8 22. Rxg8+ Kxg8 23. Qg2+ Kf8 24. Qc2 Bg7 25. Ne5 Bxe5 26. fxe5 Qg5 27. Qe2 Ke7 28. Bf3 f6 29. exf6+ Nxf6 30. Qg2 Kd6 31. Qxg5 hxg5 32. Kg2 e5 33. Kg3 c5 34. h4 gxh4+ 35. Kxh4 exd4 36. exd4 cxd4 37. cxd4 Ne4 38. Be2 Nd2 39. Kg3 Nc4 40. b3 Na5 41. Kf3 Nc6 42. Ke3 Nb4 43. a4 a5 44. Bg4 Ke7 45. Bc8 b6 46. Kf4 Kf6 47. Bb7 Ke6 48. Bc8+ Kd6 49. Bf5 Nc6 1/2-1/2

[Event "SWE-ch Master Elite"]
[Site "Skara"]
[Date "2002.07.13"]
[Round "13"]
[White "Rygaard, Michael"]
[Black "Ebenfelt, Anders"]
[Result "1-0"]
[WhiteElo "2255"]
[BlackElo "2238"]
[PlyCount "179"]
[EventDate "2002.06.30"]
[EventType "tourn"]
[EventRounds "13"]
[EventCountry "SWE"]
[EventCategory "3"]
[SourceTitle "CBM 089 Extra"]
[Source "ChessBase"]
[SourceDate "2002.09.10"]
[SourceVersion "2"]
[SourceVersionDate "2002.09.10"]
[SourceQuality "1"]

1. d4 Nf6 2. Nf3 g6 3. Bg5 Bg7 4. Nbd2 d6 5. e3 0-0 6. Be2 Nbd7 7. 0-0 b6 8. c3 Bb7 9. b4 c5 10. bxc5 dxc5 11. a4 Rc8 12. Qb3 Qc7 13. Bf4 Qc6 14. Bb5 Qd5 15. Qxd5 Bxd5 16. c4 Bxf3 17. Nxf3 Nb8 18. a5 Ne4 19. axb6 axb6 20. Ra7 cxd4 21. Rxe7 Nc3 22. Bxb8 Rxb8 23. exd4 Bf6 24. Re3 Nxb5 25. cxb5 Rfd8 26. Rd1 Rd5 27. Rb3 g5 28. g4 Ra8 29. Kg2 Ra5 30. Rdb1 Kg7 31. Kf1 Rd6 32. Rb4 Ra3 33. R1b3 Ra2 34. Rd3 Rd5 35. Nd2 Ra5 36. Rdb3 Be7 37. Rc4 Raxb5 38. Rf3 Rb2 39. Ne4 Rd7 40. Ng3 Rd2 41. Nf5+ Kf8 42. Rc8+ Bd8 43. Rb3 R2xd4 44. Nxd4 Rxd4 45. Rxb6 Kg7 46. Rbb8 Bf6 47. h3 Rf4 48. Rb3 Ra4 49. Rc7 Be5 50. Re7 Bf6 51. Rd7 Be5 52. Re3 Bf6 53. Rf3 Ra6 54. Rb3 Ba1 55. Rbb7 Rf6 56. Rd5 h6 57. Ra7 Bc3 58. Ra3 Bb2 59. Rb3 Ba1 60. Kg2 Ra6 61. Kg3 Rf6 62. f3 Re6 63. h4 Be5+ 64. Kg2 gxh4 65. Re3 Bf4 66. Rxe6 fxe6 67. Rd4 e5 68. Rd6 Bg3 69. Re6 Kh7 70. Rf6 Kg7 71. Rf5 Kg6 72. Rh5 Kg7 73. Kf1 Kg6 74. Ke2 Bf4 75. Rxh4 Kf6 76. Kd3 Kg6 77. Ke4 Bg3 78. Rh5 Bf4 79. Rf5 Bg3 80. Kd5 Bf4 81. Ke6 Bg3 82. Rh5 Bf4 83. Rxe5 Bxe5 84. Kxe5 Kg5 85. f4+ Kxg4 86. f5 h5 87. f6 h4 88. f7 h3 89. f8Q Kg3 90. Qf1 1-0

[Event "SWE-ch Master Elite"]
[Site "Skara"]
[Date "2002.07.10"]
[Round "10"]
[White "Couso, Luis"]
[Black "Rygaard, Michael"]
[Result "1/2-1/2"]
[WhiteElo "2347"]
[BlackElo "2255"]
[PlyCount "40"]
[EventDate "2002.06.30"]
[EventType "tourn"]
[EventRounds "13"]
[EventCountry "SWE"]
[EventCategory "3"]
[SourceTitle "CBM 089 Extra"]
[Source "ChessBase"]
[SourceDate "2002.09.10"]
[SourceVersion "2"]
[SourceVersionDate "2002.09.10"]
[SourceQuality "1"]

1. d4 d5 2. c4 c6 3. Nf3 Nf6 4. Nc3 dxc4 5. a4 Bf5 6. Ne5 e6 7. f3 Bb4 8. e4 Bxe4 9. fxe4 Nxe4 10. Bd2 Qxd4 11. Nxe4 Qxe4+ 12. Qe2 Bxd2+ 13. Kxd2 Qd5+ 14. Kc2 0-0 15. Nxc4 Na6 16. Qe5 Rab8 17. Rd1 Nb4+ 18. Kc1 Na2+ 19. Kc2 Nb4+ 20. Kc1 Na2+ 1/2-1/2

[Event "SWE-ch Master Elite"]
[Site "Skara"]
[Date "2002.07.09"]
[Round "9"]
[White "Rygaard, Michael"]
[Black "Rylander, Dennis"]
[Result "0-1"]
[WhiteElo "2255"]
[BlackElo "2308"]
[PlyCount "68"]
[EventDate "2002.06.30"]
[EventType "tourn"]
[EventRounds "13"]
[EventCountry "SWE"]
[EventCategory "3"]
[SourceTitle "CBM 089 Extra"]
[Source "ChessBase"]
[SourceDate "2002.09.10"]
[SourceVersion "2"]
[SourceVersionDate "2002.09.10"]
[SourceQuality "1"]

1. Nf3 d5 2. g3 Bg4 3. Bg2 Nd7 4. c4 e6 5. cxd5 exd5 6. Qa4 Ngf6 7. Ne5 b5 8. Qxb5 Rb8 9. Qc6 Rb6 10. Qc3 Nxe5 11. Qxe5+ Re6 12. Qc3 Bxe2 13. d4 Qb8 14. a3 Bf3+ 15. Kf1 Be2+ 16. Kg1 Be7 17. Bh3 Rb6 18. Qe3 Bg4 19. Bxg4 Nxg4 20. Qe2 h5 21. Nc3 Re6 22. Qc2 c6 23. Bf4 Bd6 24. Ne2 0-0 25. Bxd6 Qxd6 26. Nf4 Re4 27. f3 Rxf4 28. gxf4 Ne3 29. Qd3 Qxf4 30. Kf2 Re8 31. h4 Nf5 32. Rh3 Re3 33. Qd1 Nxd4 34. Qc1 Rxf3+ 0-1

[Event "SWE-ch Master Elite"]
[Site "Skara"]
[Date "2002.07.05"]
[Round "6"]
[White "Wengholm, Anders"]
[Black "Rygaard, Michael"]
[Result "0-1"]
[WhiteElo "2265"]
[BlackElo "2255"]
[PlyCount "62"]
[EventDate "2002.06.30"]
[EventType "tourn"]
[EventRounds "13"]
[EventCountry "SWE"]
[EventCategory "3"]
[SourceTitle "CBM 089 Extra"]
[Source "ChessBase"]
[SourceDate "2002.09.10"]
[SourceVersion "2"]
[SourceVersionDate "2002.09.10"]
[SourceQuality "1"]

1. Nf3 Nf6 2. c4 c6 3. d4 d5 4. Nc3 dxc4 5. a4 Bf5 6. Ne5 e6 7. f3 Bb4 8. Nxc4 0-0 9. Bg5 h6 10. Bh4 c5 11. dxc5 Qxd1+ 12. Kxd1 Rd8+ 13. Kc1 Nc6 14. Bf2 Nd7 15. e4 Bh7 16. Bd3 Bxc5 17. Rf1 Bxf2 18. Rxf2 Nc5 19. Bc2 Nd4 20. Nd2 Rac8 21. Ra3 f5 22. Bb1 b5 23. axb5 Nxb5 24. Ra2 fxe4 25. fxe4 Nd3+ 26. Bxd3 Rxd3 27. Kb1 Rdxc3 28. bxc3 Nxc3+ 29. Ka1 Nxa2 30. Kxa2 Rc3 31. Re2 Rc2+ 0-1

[Event "SWE-ch Master Elite"]
[Site "Skara"]
[Date "2002.07.02"]
[Round "3"]
[White "Rygaard, Michael"]
[Black "Von Bahr, Oskar"]
[Result "1/2-1/2"]
[WhiteElo "2255"]
[BlackElo "2249"]
[PlyCount "116"]
[EventDate "2002.06.30"]
[EventType "tourn"]
[EventRounds "13"]
[EventCountry "SWE"]
[EventCategory "3"]
[SourceTitle "CBM 089 Extra"]
[Source "ChessBase"]
[SourceDate "2002.09.10"]
[SourceVersion "2"]
[SourceVersionDate "2002.09.10"]
[SourceQuality "1"]

1. Nf3 Nf6 2. d4 g6 3. Bg5 Ne4 4. Bh4 d5 5. e3 Bg7 6. Nbd2 c5 7. c3 cxd4 8. exd4 Nd6 9. Qb3 Nf5 10. Bg3 Nc6 11. Bd3 Nxg3 12. hxg3 0-0 13. 0-0 b6 14. Rfe1 Bb7 15. Re2 e6 16. Nf1 Ne7 17. g4 Nc8 18. a4 a6 19. a5 b5 20. N1d2 Nd6 21. Qa2 Re8 22. b4 Rc8 23. Rc1 Qf6 24. Ne5 Rc7 25. Nb3 Ne4 26. Bxe4 dxe4 27. Qd2 Qd8 28. g5 e3 29. fxe3 Qxg5 30. Nd3 Bf8 31. Nbc5 f5 32. Rce1 Bd6 33. e4 Qxd2 34. Rxd2 Bxe4 35. Nxe4 fxe4 36. Nc5 Bf4 37. Rde2 e3 38. Rf1 Bh6 39. g4 e5 40. Ne4 Rd8 41. g5 Bg7 42. dxe5 Bxe5 43. Rxe3 Re7 44. Ref3 Bd4+ 45. cxd4 Rxe4 46. Rf6 Rexd4 47. Rxa6 Rxb4 48. Ra7 Rg4+ 49. Kh2 Rxg5 50. Rff7 Rh5+ 51. Kg3 b4 52. a6 b3 53. Rg7+ Kh8 54. Rgb7 Rd3+ 55. Kg4 Rd4+ 56. Kg3 Rd3+ 57. Kg4 Rd4+ 58. Kg3 Rd3+ 1/2-1/2

[Event "Norrkoeping Easter op"]
[Site "Norrkoeping"]
[Date "2002.??.??"]
[Round "4"]
[White "Rygaard, Michael"]
[Black "Bator, Robert"]
[Result "0-1"]
[WhiteElo "2255"]
[BlackElo "2414"]
[PlyCount "66"]
[EventDate "2002.??.??"]
[EventType "swiss"]
[EventRounds "7"]
[EventCountry "SWE"]
[SourceTitle "EXT 2008"]
[Source "ChessBase"]
[SourceDate "2007.11.25"]
[SourceVersion "1"]
[SourceVersionDate "2007.11.25"]
[SourceQuality "1"]

1. d4 d5 2. Nf3 c6 3. e3 Bf5 4. Bd3 Bg6 5. 0-0 e6 6. Nbd2 f5 7. c4 Nd7 8. cxd5 exd5 9. Qc2 Qf6 10. b4 a6 11. Qb3 Bd6 12. a4 Qe7 13. Ba3 Ngf6 14. b5 axb5 15. Bxd6 Qxd6 16. axb5 0-0 17. bxc6 bxc6 18. Qc2 Ne4 19. Rxa8 Rxa8 20. Rc1 Rc8 21. Nh4 Qf6 22. Nxg6 hxg6 23. Nf1 Kh7 24. Ba6 Rc7 25. f3 Ng5 26. Bb5 Ne6 27. Ba4 c5 28. dxc5 Ndxc5 29. Qd1 d4 30. exd4 Nd3 31. Qxd3 Rxc1 32. Bb3 Nxd4 33. f4 Rc3 0-1

[Event "Hallstahammar op"]
[Site "Hallstahammar"]
[Date "2001.09.09"]
[Round "6"]
[White "Rygaard, Michael"]
[Black "Edlund, Robin"]
[Result "1-0"]
[WhiteElo "2293"]
[BlackElo "2150"]
[PlyCount "67"]
[EventDate "2001.??.??"]
[EventType "swiss"]
[EventRounds "7"]
[EventCountry "SWE"]
[SourceTitle "EXT 2006"]
[Source "ChessBase"]
[SourceDate "2005.11.24"]
[SourceVersion "1"]
[SourceVersionDate "2005.11.24"]
[SourceQuality "1"]

1. Nf3 Nf6 2. d4 g6 3. Bg5 Bg7 4. Nbd2 d5 5. e3 0-0 6. Be2 c5 7. 0-0 Qb6 8. Qc1 Nc6 9. c3 Bf5 10. Nb3 Ne4 11. dxc5 Nxc5 12. Qd1 Nxb3 13. axb3 f6 14. Bh4 Be6 15. b4 Bf7 16. b5 Na5 17. Nd2 Nc4 18. Nxc4 dxc4 19. Qa4 Qc5 20. Bf3 Bd5 21. Bxd5+ Qxd5 22. Rfd1 Qc5 23. Rd7 a6 24. Rxb7 axb5 25. Qxa8 Rxa8 26. Rxa8+ Kf7 27. Raa7 Bf8 28. h3 Qh5 29. Bg3 Qd1+ 30. Kh2 Qb3 31. Bd6 Qxb2 32. Bxe7 Bxe7 33. Rxe7+ Kf8 34. Reb7 1-0

[Event "Hallstahammar op"]
[Site "Hallstahammar"]
[Date "2001.09.08"]
[Round "4"]
[White "Ernst, Thomas"]
[Black "Rygaard, Michael"]
[Result "1-0"]
[WhiteElo "2530"]
[BlackElo "2293"]
[PlyCount "77"]
[EventDate "2001.??.??"]
[EventType "swiss"]
[EventRounds "7"]
[EventCountry "SWE"]
[SourceTitle "EXT 2006"]
[Source "ChessBase"]
[SourceDate "2005.11.24"]
[SourceVersion "1"]
[SourceVersionDate "2005.11.24"]
[SourceQuality "1"]

1. d4 c6 2. c4 d5 3. Nf3 Nf6 4. Nc3 a6 5. Bg5 Ne4 6. Bf4 Qa5 7. e3 e6 8. Qb3 Bb4 9. Rc1 Nd7 10. Bd3 b5 11. cxd5 cxd5 12. Bc7 Qxc7 13. Qxb4 Qd6 14. Qb3 Bb7 15. Bxe4 dxe4 16. Nd2 f5 17. a4 Bd5 18. Nxd5 exd5 19. axb5 axb5 20. Qxb5 Ke7 21. Qe2 Rhb8 22. Nb1 Ra2 23. 0-0 Raxb2 24. Qh5 Qg6 25. Qh4+ Kf8 26. Nc3 Nf6 27. Qf4 Kg8 28. Rb1 Rxb1 29. Rxb1 Rxb1+ 30. Nxb1 h6 31. h3 Kh7 32. Nc3 Qh5 33. Qe5 Qf7 34. Qxf5+ Kh8 35. g4 Qb7 36. h4 Qc6 37. g5 Qxc3 38. gxf6 Qe1+ 39. Kg2 1-0

[Event "Politiken Cup 19th"]
[Site "Copenhagen"]
[Date "1997.07.08"]
[Round "4"]
[White "Rygaard, Michael"]
[Black "Petersen, Nils"]
[Result "1-0"]
[WhiteElo "2205"]
[BlackElo "2100"]
[PlyCount "119"]
[EventDate "1997.07.??"]
[EventType "swiss"]
[EventRounds "11"]
[EventCountry "DEN"]
[SourceTitle "EXT 2000"]
[Source "ChessBase"]
[SourceDate "1999.11.16"]
[SourceVersion "1"]
[SourceVersionDate "1999.11.16"]
[SourceQuality "1"]

1. e4 c5 2. c3 d5 3. exd5 Qxd5 4. d4 cxd4 5. cxd4 Nc6 6. Nf3 Bg4 7. Nc3 Qa5 8. Be2 e6 9. 0-0 Nf6 10. Qb3 Bxf3 11. Bxf3 Nxd4 12. Qxb7 Nxf3+ 13. Qxf3 Rc8 14. Qb7 Qc7 15. Qb5+ Qc6 16. Be3 Qxb5 17. Nxb5 a6 18. Na7 Ra8 19. Nc6 Nd5 20. Bd4 f6 21. Rfd1 Bd6 22. a3 Kd7 23. Na5 Rhc8 24. Rac1 e5 25. Bc5 Ke6 26. Bxd6 Rxc1 27. Rxc1 Kxd6 28. b4 Ra7 29. Rc6+ Kd7 30. g3 Ne7 31. Rc2 Rc7 32. Rd2+ Ke6 33. Nb3 Kf5 34. Nc5 a5 35. Kg2 axb4 36. axb4 Nc6 37. Na6 Rb7 38. Rb2 Rb5 39. h3 e4 40. Rc2 Ne5 41. Rc5 Rxc5 42. Nxc5 Nd3 43. Nxd3 exd3 44. Kf3 Ke5 45. Ke3 d2 46. Kxd2 Kd4 47. f4 Kc4 48. Ke3 Kxb4 49. Kd4 Kb3 50. Kd5 Kc3 51. Ke6 Kd4 52. Kf7 Ke4 53. Kxg7 Kf3 54. Kxf6 Kxg3 55. Ke5 Kxh3 56. f5 Kg4 57. f6 h5 58. f7 h4 59. f8Q h3 60. Qf4+ 1-0

[Event "Stockholm op"]
[Site "Stockholm"]
[Date "1993.??.??"]
[Round "?"]
[White "Dzevlan, Miralem"]
[Black "Rygaard, Michael"]
[Result "1/2-1/2"]
[WhiteElo "2395"]
[BlackElo "2230"]
[PlyCount "196"]
[EventDate "1993.12.??"]
[EventType "swiss"]
[EventRounds "9"]
[EventCountry "SWE"]
[SourceTitle "EXT 1997"]
[Source "ChessBase"]
[SourceDate "1996.11.15"]
[SourceVersion "1"]
[SourceVersionDate "1996.11.15"]
[SourceQuality "1"]

1. d4 Nf6 2. c4 g6 3. Nc3 d5 4. cxd5 Nxd5 5. e4 Nxc3 6. bxc3 Bg7 7. Bc4 0-0 8. Ne2 c5 9. 0-0 cxd4 10. cxd4 Nc6 11. Be3 Na5 12. Bd3 b6 13. Rc1 e6 14. Qd2 Bb7 15. h4 f5 16. e5 Qd7 17. Bh6 Qd5 18. f3 Rfc8 19. Bxg7 Kxg7 20. Qg5 Qd8 21. Qxd8 Rxd8 22. Nf4 Bd5 23. Rc7+ Kg8 24. h5 g5 25. Nxd5 Rxd5 26. h6 Rxd4 27. Rg7+ Kh8 28. Rc1 Rh4 29. Rxa7 Rb8 30. g4 Rxh6 31. gxf5 exf5 32. Bb5 Re6 33. Rcc7 h6 34. a4 Rxe5 35. Rh7+ Kg8 36. Rxh6 g4 37. Kf2 gxf3 38. Kxf3 Rb7 39. Rxb7 Nxb7 40. Rxb6 Nc5 41. a5 Kf8 42. a6 Nxa6 43. Bxa6 Ke7 44. Bc4 Rc5 45. Bg8 Rc1 46. Bh7 Rf1+ 47. Kg2 Rf4 48. Kg3 Rf1 49. Bg6 f4+ 50. Kg2 Rd1 51. Be4 Rd6 52. Rb7+ Kf6 53. Kf3 Ke5 54. Rb5+ Kd4 55. Kxf4 Rf6+ 56. Bf5 Rf8 57. Rb1 Kc3 58. Rc1+ Kd4 59. Rd1+ Kc3 60. Rd3+ Kc4 61. Rh3 Kd4 62. Rh7 Rd8 63. Rh1 Rf8 64. Rh7 Rd8 65. Ra7 Rd6 66. Ra4+ Kc3 67. Ke3 Rd1 68. Be4 Re1+ 69. Kf4 Rf1+ 70. Ke5 Rg1 71. Ra3+ Kb4 72. Rd3 Kc5 73. Rc3+ Kb4 74. Kd4 Rg7 75. Rc1 Ka3 76. Ra1+ Kb2 77. Rb1+ Ka2 78. Rb8 Rg4 79. Ke3 Rh4 80. Bd3 Rh2 81. Kd4 Rb2 82. Ra8+ Kb3 83. Ra7 Kb4 84. Rh7 Kb3 85. Bc4+ Kc2 86. Rh2+ Kc1 87. Rh1+ Kd2 88. Rg1 Kc2 89. Rg3 Kd2 90. Bb3 Kc1 91. Rg1+ Kd2 92. Bc4 Kc2 93. Rg3 Kd2 94. Rg1 Kc2 95. Bd3+ Kd2 96. Be4 Rb4+ 97. Ke5 Ke3 98. Rg3+ Kd2 1/2-1/2

[Event "Rilton Cup 22nd"]
[Site "Stockholm"]
[Date "1992.??.??"]
[Round "2"]
[White "Rygaard, Michael"]
[Black "Degerman, Lars"]
[Result "1/2-1/2"]
[WhiteElo "2245"]
[BlackElo "2460"]
[PlyCount "59"]
[EventDate "1992.12.??"]
[EventType "swiss"]
[EventRounds "9"]
[EventCountry "SWE"]
[SourceTitle "TD"]
[Source "ChessBase"]
[SourceDate "1994.03.01"]
[SourceVersion "1"]
[SourceVersionDate "1994.03.01"]
[SourceQuality "1"]

1. d4 Nf6 2. Nf3 g6 3. Bg5 Bg7 4. Nbd2 c5 5. Bxf6 Bxf6 6. Ne4 Bxd4 7. Nxd4 cxd4 8. Qxd4 0-0 9. Nc3 Nc6 10. Qd2 Qb6 11. h4 Qd4 12. Qxd4 Nxd4 13. 0-0-0 Nc6 14. e4 d6 15. Be2 Be6 16. f4 f5 17. g3 h5 18. Rhe1 Rac8 19. exf5 Bxf5 20. Bf3 Kf7 21. Rd2 Rfd8 22. Ne4 Rd7 23. a3 Na5 24. Kb1 Nc4 25. Rde2 Bxe4 26. Bxe4 d5 27. Bd3 Nd6 28. Re5 Nc4 29. R5e2 Nd6 30. Re5 1/2-1/2